Interpolis' 14 zborník abstraktov vedeckých prác

Bibliographic Details
Corporate Author: Interpolis (Author)
Other Authors: Klinčáková, Gabriela (Editor), Klučiarovský, Michal (Editor)
Format: Conference Proceeding Book
Language:Slovak
Czech
English
PhysicalDescription:93 s. 21 cm 1 CD-ROM
Published: Banská Bystrica Belianum Univerzita Mateja Bela, Fakulta politických vied a medzinárodných vzťahov 2014
ISBN:9788055708638 (brož.)
Edition:1. vyd.
Subjects:

MARC

LEADER 00000cam a2200000 a 4500
001 vtls010861517
003 SK-MaSNL
005 20260301091210.0
008 160430s2014 xo f a 100 0 slo
015 |a SNBA2015/09 
020 |a 9788055708638 (brož.) 
035 |a F0D8E465-FD66-4A1E-9237-0EA4CB585C76 
035 |a urn:nbn:sk:snk-amkdd7 
035 |a urn:nbn:sk:snk-am008cvh 
040 |a SNK  |b slo  |c SNK  |e AACR2 
041 0 |a slo  |a cze  |a eng 
044 |a xo  |c SK 
072 7 |a 327  |x Medzinárodné vzťahy, svetová politika  |2 konspekt 
080 |a 327  |2 2001 
080 |a 321  |2 2001 
080 |a 378.245  |2 2001 
080 |a (062.534)  |2 2001 
080 |a (048.3)  |2 2001 
245 0 0 |a Interpolis' 14  |b zborník abstraktov vedeckých prác  |c [editori zborníka: Gabriela Klinčáková, Michal Klučiarovský ] 
250 |a 1. vyd. 
260 |a Banská Bystrica  |b Belianum  |b Univerzita Mateja Bela, Fakulta politických vied a medzinárodných vzťahov  |c 2014 
300 |a 93 s.  |c 21 cm  |e 1 CD-ROM 
366 |e 100 výt. 
504 |a Adresár aut. 
546 |a Čiast. text angl. a čes. 
650 0 7 |a medzinárodné vzťahy  |2 SNKPH  |9 3690 
650 0 7 |a politológia  |2 SNKPH  |9 4684 
650 0 7 |a doktorandské štúdium  |2 SNKPH  |9 4043 
650 0 7 |a International relations  |2 SNKPHeng  |9 265830 
650 0 7 |a Political science  |2 SNKPHeng  |9 265833 
650 0 7 |a Doctor's degree  |2 SNKPHeng  |9 275819 
655 7 |a zborníky konferencií  |2 SNKPH  |9 70153 
655 7 |a abstrakty  |2 SNKPH  |9 22516 
655 7 |a Proceedings of conferences  |2 SNKPHeng  |9 265791 
655 7 |a Abstracts  |2 SNKPHeng  |9 275616 
700 1 |a Klinčáková, Gabriela  |4 edt  |9 420086 
700 1 |a Klučiarovský, Michal  |4 edt  |9 420087 
711 2 |a Interpolis  |d (2014 :  |c Banská Bystrica, Slovensko)  |4 aut  |9 420088 
852 |a Štátna vedecká knižnica v Banskej Bystrici 
919 |a 978-80-557-0863-8 
999 |c 670549  |d 672479 
952 |a SNK  |b SNK  |y PREZ  |7 0  |p 17A1171046  |o snkSC 166122  |i snk2015/25841  |8 0  |3 Dokument obsahuje prílohu 1 CD-ROM  |0 0  |1 0  |4 0  |d 2015-09-08  |f 1  |l 0  |r 2016-06-30 00:00:00  |w 2026-02-23 
952 |a SNK  |b SNK  |y VYP  |7 0  |p 17A1171047  |o snkSC 166122 D1  |i snk2015/25842  |8 0  |3 Dokument obsahuje prílohu 1 CD-ROM  |0 0  |1 0  |4 0  |d 2015-09-08  |l 0  |r 2026-02-23 19:24:45  |w 2026-02-23 
952 |a SNK  |b SNK  |y PREZ  |7 0  |p 17A1171049  |o snkSC 166122/príl.  |i snk2015/25841  |8 0  |z Príl.: 1 CD-ROM  |0 0  |1 0  |4 0  |d 2015-09-08  |l 0  |r 2016-06-30 00:00:00  |w 2026-02-23 
952 |a SNK  |b SNK  |y PREZ  |7 0  |p 17A1171048  |o snkSC 166122/príl. D1  |i snk2015/25842  |8 0  |z Príl.: 1 CD-ROM  |0 0  |1 0  |4 0  |d 2015-09-08  |l 0  |r 2026-02-23 19:24:45  |w 2026-02-23